| 000 | 01380cam a2200325 i 4500 | ||
|---|---|---|---|
| 003 | OSt | ||
| 005 | 20170424104217.0 | ||
| 008 | 760226s1977 nyua 001 0 eng | ||
| 020 | _a0471164321 (v. 1) | ||
| 020 | _a047116433X (v. 1 : pbk.) | ||
| 040 |
_aDLC _cDLC _dDLC _beng |
||
| 082 | 0 | 0 |
_a530.12 _221 _bCCQ |
| 100 | 2 |
_aCohen-Tannoudji, Claude, _d1933- _957685 |
|
| 240 | 1 | 0 |
_aMecanique quantique. _lEnglish |
| 245 | 1 | 0 |
_aQuantum mechanics / _cClaude Cohen-Tannoudji, Bernard Diu, Franck Laloë ; translated from the French by Susan Reid Hemley, Nicole Ostrowsky, Dan Ostrowsky. |
| 250 | _aط. 1. | ||
| 260 |
_aNew York : _bWiley, _cc1977. |
||
| 300 |
_a2 v. (xv, 1524 p.) : _bill. ; _c25 cm. |
||
| 500 | _aTranslation of Mecanique quantique. | ||
| 500 | _a"A Wiley-Interscience publication." | ||
| 500 | _aIncludes index. | ||
| 504 | _aيشتمل علي إرجاعات ببليوجرافية. | ||
| 650 | 0 |
_aQuantum theory. _957686 |
|
| 700 | 1 |
_aDiu, Bernard, _ejoint author. _957687 |
|
| 700 | 1 |
_aLaloë, Franck, _d1940- _ejoint author. _957688 |
|
| 856 | 4 | 1 |
_3Table of contents only _uhttp://www.loc.gov/catdir/toc/wiley023/76005874.html |
| 856 | 4 | 2 |
_3Contributor biographical information _uhttp://www.loc.gov/catdir/enhancements/fy0607/76005874-b.html |
| 856 | 4 | 2 |
_3Publisher description _uhttp://www.loc.gov/catdir/enhancements/fy0607/76005874-d.html |
| 942 | _cBOOK | ||
| 999 |
_c40131 _d309751 |
||